000 00303nam a2200109Ia 4500
008 230724s9999 xx und d
041 _aeng
100 _aBERKE PHILIP R. & GODSCHALK DAVID R.
245 _aURBAN LAND USE PLANNING
260 _bBOARD OF INTERNATIOANL RESEARCH IN DESIGN
300 _a492
999 _c1176261
_d1176261